| 000 | 00886nam a2200301 4500 | ||
|---|---|---|---|
| 003 | EC-UNACH | ||
| 005 | 20251218104505.0 | ||
| 006 | s||||gr|||| 00| 00 | ||
| 008 | 150116t9999 mx r gr 000 0 spa d | ||
| 020 | _a84-7442-295-7 | ||
| 040 |
_aEC-UNACH _cEC-UNACH |
||
| 041 | _aspa | ||
| 082 | 0 | 4 |
_223 _a070.4 _bL018523 |
| 110 | _aEditorial ATE | ||
| 245 | _aPeriodismo confidencial | ||
| 250 | _aPrimera edición | ||
| 264 |
_aEspaña _bEditorial ATE _c1982 |
||
| 300 | _a147 | ||
| 505 | _aParte 1- Grupos de periodismo político Parte 2-Boletines confidenciales Parte 3- Clubs de opinión | ||
| 650 | _aLA CASTA PRIVILIGIADA | ||
| 650 | _aHISTORIA DE UNA FUSTRACIÓN | ||
| 650 | _aPASO A LA IZQUIERDA | ||
| 700 | _aMarisa Ciriza | ||
| 942 |
_2ddc _c1 |
||
| 999 | _c14321 | ||